Zber a spracovanie údajov z priemyselného prostredia

Enregistré dans:
Détails bibliographiques
Auteur principal: Latkóczy, Ivan (Auteur)
Autres auteurs: Ďuďák, Juraj (Directeur de thèse)
Format: Manuscrit Livre
Langue:slovaque
Publié: 2023
Sujets:
Accès en ligne:http://is.stuba.sk/zp/portal_zp.pl?podrobnosti=170563
Tags: Ajouter un tag
Pas de tags, Soyez le premier à ajouter un tag!

MARC

LEADER 00000ntm a22000003a 4500
001 stuzp93411
003 SK-STU
005 20230909214944.0
007 ta
008 150427s2015----xo-----f-mn---000-0-slo-d
040 |a STU  |b slo 
041 0 |a slo 
100 1 |a Latkóczy, Ivan  |u 066000  |4 aut  |U MTF Materiálovotechnologická fakulta  |T MTF Ústav aplikovanej informatiky, automatizácie a mechatroniky  |X 97178  |U M6000  |Y 86  |7 97178 
242 0 1 |a Collection and processing of data from the industrial environment  |y eng 
245 1 0 |a Zber a spracovanie údajov z priemyselného prostredia 
260 |c 2023 
650 4 |a Python  |2 slo 
650 4 |a Raspberry Pi  |2 slo 
650 4 |a I2C  |2 slo 
650 4 |a ENV II Unit  |2 slo 
650 4 |a ICM-20948  |2 slo 
650 4 |a InfluxDB  |2 slo 
650 4 |a graf  |2 slo 
650 4 |a Grafana  |2 slo 
650 4 |a IoT  |2 slo 
650 4 |a snímače  |2 slo 
650 4 |a PDM MEMS  |2 slo 
650 4 |a databáza  |2 slo 
650 4 |a IoT  |2 eng 
650 4 |a Python  |2 eng 
650 4 |a sensors  |2 eng 
650 4 |a Raspberry Pi  |2 eng 
650 4 |a PDM MEMS  |2 eng 
650 4 |a I2C  |2 eng 
650 4 |a ENV II Unit  |2 eng 
650 4 |a ICM-20948  |2 eng 
650 4 |a database  |2 eng 
650 4 |a InfluxDB  |2 eng 
650 4 |a graph  |2 eng 
650 4 |a Grafana  |2 eng 
700 1 |a Ďuďák, Juraj  |u 066000  |k Z1  |4 ths  |U MTF Materiálovotechnologická fakulta  |T MTF Ústav aplikovanej informatiky, automatizácie a mechatroniky  |X 53397  |U M6000  |Y 86  |7 A000053397 
856 4 |u http://is.stuba.sk/zp/portal_zp.pl?podrobnosti=170563 
996 |c M* DP-15170  |l MMSKP  |s P  |a 0  |w stuzp93411_0001